Business mathematics and statistics (Record no. 68179)

000 -LEADER
fixed length control field 00461nam a22001697a 4500
003 - CONTROL NUMBER IDENTIFIER
control field NUST - PNEC
005 - DATE AND TIME OF LATEST TRANSACTION
control field 20170116181044.0
008 - FIXED-LENGTH DATA ELEMENTS--GENERAL INFORMATION
fixed length control field 150923b xxu||||| |||| 00| 0 eng d
020 ## - INTERNATIONAL STANDARD BOOK NUMBER
International Standard Book Number 8129706695
040 ## - CATALOGING SOURCE
Transcribing agency LIBRARY
082 ## - DEWEY DECIMAL CLASSIFICATION NUMBER
Classification number 650.01513 PUN
100 ## - MAIN ENTRY--PERSONAL NAME
9 (RLIN) 11670
Personal name Punaini, Gurvinder Singh
245 ## - TITLE STATEMENT
Title Business mathematics and statistics
Statement of responsibility, etc. Gurvinder Singh Punaini
260 ## - PUBLICATION, DISTRIBUTION, ETC.
Date of publication, distribution, etc. c 2005
650 ## - SUBJECT ADDED ENTRY--TOPICAL TERM
9 (RLIN) 11671
Topical term or geographic name entry element Business mathematics
General subdivision MIS
942 ## - ADDED ENTRY ELEMENTS (KOHA)
Source of classification or shelving scheme
Koha item type Book
Holdings
Withdrawn status Lost status Source of classification or shelving scheme Damaged status Not for loan Permanent Location Current Location Shelving location Date acquired Total Checkouts Full call number Barcode Date last seen Price effective from Koha item type
          Pakistan Navy Engineering College (PNEC) Pakistan Navy Engineering College (PNEC)       650.01513 PUN PNECLIB-028115 09/23/2015   Book
© 2023 Central Library, National University of Sciences and Technology. All Rights Reserved.